000 00201nam a2200085Ia 4500
008 250605s9999 xx 000 0 und d
041 _aeng
100 _aAdarsh Sharma
245 _aProject done under Faculty
999 _c45318
_d45318